[Event "Arco op 46th"]
[Site "Arco"]
[Date "2024.10.13"]
[Round "9"]
[White "Glanc, Lea"]
[Black "Germann, Martin"]
[Result "1/2-1/2"]
[WhiteElo "1642"]
[BlackElo "1850"]
[PlyCount "26"]
[EventDate "2024.10.05"]
[EventType "swiss"]
[EventRounds "9"]
[EventCountry "ITA"]
[SourceTitle "CB44_2024"]
[Source "Chessbase"]
[SourceDate "2024.10.30"]
[SourceVersion "1"]
[SourceVersionDate "2024.10.30"]
[SourceQuality "1"]

1. e4 e6 2. d4 d5 3. Nc3 Nf6 4. Bg5 Be7 5. Bxf6 Bxf6 6. Nf3 c5 7. e5 Be7 8. Bd3 Nc6 9. dxc5 Bxc5 10. 0-0 a6 11. a3 Bd7 12. b4 Be7 13. Na2 Qc7 1/2-1/2